000 00741cam a2200205 i 4500
005 20251111124054.0
008 250721s2010 ua gr 000 0 ara d
082 1 4 _a158.25
_bك ا ر
100 1 _aكارنيجي، ديل
_eمؤلف.
245 1 0 _aكيف تكسب الأصدقاء وتؤثر في الناس /
_cديل كارينجي ؛ تعريب هشام خضر.
250 _aالطبعة الأولى.
264 3 1 _aفيصل :
_bمكتبة النافذة،
_c2010.
300 _a187 صفحة.
650 1 7 _aعلم النفس التطبيقي.
650 1 7 _aالعلاقات بين الافراد.
650 1 7 _aالصداقة.
700 1 _aخضر، هشام
_eمعرب.
942 _2ddc
_cBK
999 _c139584
_d139584